Kluby w LaLiga 20/21 - Statystyki

Ogólne statystyki
  • Ten quiz został rozwiązany 13 razy
  • Średni wynik to 8 z 20
Statystyki odpowiedzi
Miejsce Odpowiedź % Poprawnych
1 Barcelona
92%
3 Atletico Madryt
75%
7 Valencia
58%
6 Villareal
58%
11 Celta Vigo
50%
8 Real Betis
50%
5 Real Sociedad
50%
4 Sevilla
50%
9 Athletic Bilbao
42%
10 Getafe
42%
2 Real Madrid
42%
14 Osasuna
33%
13 Levante
25%
18 Real Valladolid
25%
20 Elche
17%
19 Cadiz
8%
16 Deportivo Alaves
8%
15 Eibar
8%
12 Granada
8%
17 Huesca
8%
Nie znaleziono quizów pasujących do podanych kryteriów
Rozkład punktacji
Procent ludzi z każdym wynikiem
Percentyl według liczby udzielonych odpowiedzi
Twoja historia wyników
Nie rozwiązałeś tego quizu